| 000 | 00435nam a2200181Ia 4500 | ||
|---|---|---|---|
| 005 | 20240823062503.0 | ||
| 008 | 240823s9999||||xx |||||||||||||| ||und|| | ||
| 041 | _aENGLISH | ||
| 082 | _A629.8 N5 | ||
| 100 | _a"Kuu,Benjamin C" | ||
| 245 | 0 | _aAutomatic Control Systems | |
| 250 | _a7th | ||
| 260 |
_c1995 _b"PHI,New Delhi" |
||
| 500 | _aTRANSFERED | ||
| 650 |
_aControl System _bInstrumentation |
||
| 942 | _cBK | ||
| 999 |
_c235997 _d235997 |
||